000 00578nam a2200193 u 4500
001 000618456
003 AM-YeHGA
005 20250617135921.0
008 081209s1961 ||| r 000 0 rus d
040 _aAM-YeHGA
041 0 _arus
100 1 _aБарто, Агния Львовна
245 1 0 _aСтихи /
_cАгния Барто.
260 _aМосква :
_bГослитиздат,
_c1961.
300 _a278 с. :
_bпортр.
440 0 _aБ-ка советской поэзии
653 0 _aРусская советская поэзия
090 _c211295
999 _c209788
_d209788